Statistics for Mario Kart 8 Deluxe Characters

Click here to take the quiz!

General Stats

  • This quiz has been taken 155 times
  • The average score is 35 of 42

Answer Stats

Answer% Correct
Baby Luigi
100%
Baby Peach
100%
Cat Peach
100%
Luigi
100%
Mario
100%
Metal Mario
100%
Tanooki Mario
100%
Baby Mario
99%
Peach
99%
Pink Gold Peach
99%
Bowser
97%
Bowser Jr
97%
Dry Bowser
97%
Baby Daisy
94%
Daisy
94%
Baby Rosalina
89%
Rosalina
89%
Yoshi
89%
Toad
86%
Waluigi
86%
Link
85%
Wario
85%
Shy Guy
80%
Koopa Troopa
79%
Lemmy
79%
Roy
78%
Morton
77%
Dry Bones
74%
Larry
74%
Donkey Kong
72%
Wendy
72%
Iggy
71%
Inkling Boy
71%
Inkling Girl
71%
Mii
71%
Ludwig
70%
Isabelle
69%
Toadette
69%
Lakitu
61%
King Boo
58%
Villager Boy
58%
Villager Girl
58%

Score Distribution

Percentile by Number Answered

Percent of People with Each Score

Your Score History

You have not taken this quiz